Sovremennye tendencii i perspektivy razvitija nacionalnykh ehkonomik v uslovijakh vyzovov mirovojj pandemii Mezhdunarodnoy nauchno-prakticheskoy konferentsii = Works оf the international scientific- practical conference
Salvato in:
| Ente Autore: | |
|---|---|
| Natura: | Libro |
| Lingua: | russo inglese |
| Pubblicazione: |
Nur-Sultan
Jevrazijskij nacionaľnyj universitet im. L.N. Gumileva
2020
|
| Edizione: | 1. izdaniye |
| Soggetti: | |
| Tags: |
Nessun Tag, puoi essere il primo ad aggiungerne!!
|
MARC
| LEADER | 00000nam a2200000 4500 | ||
|---|---|---|---|
| 001 | 0269177 | ||
| 005 | 20240822101714.6 | ||
| 020 | |a 978-601-337-395-9 | ||
| 041 | 0 | |a rus | |
| 041 | 0 | |a eng | |
| 044 | |a KZ | ||
| 245 | 1 | 0 | |a Sovremennye tendencii i perspektivy razvitija nacionalnykh ehkonomik v uslovijakh vyzovov mirovojj pandemii |b Mezhdunarodnoy nauchno-prakticheskoy konferentsii = Works оf the international scientific- practical conference |
| 250 | |a 1. izdaniye | ||
| 264 | 1 | |a Nur-Sultan |b Jevrazijskij nacionaľnyj universitet im. L.N. Gumileva |c 2020 | |
| 300 | |a 515 s. | ||
| 610 | 2 | 0 | |a hospodárstvo národné |
| 610 | 2 | 0 | |a ochrana zdravia |
| 610 | 2 | 0 | |a rozvoj hospodársky |
| 110 | 2 | |a Current Trends and Prospects for the Development of National Economies in the Context of Global Pandemic Challenges. International Scientific-Practical Conference | |